Quiz - Operadores Argumentativos e Polissemia - Statistics

Estatísticas Gerais
  • Esse quiz foi jogado 554 vezes
    539 desde o último reset
  • A pontuação média é 5 de 10
Estatísticas das Respostas
Questão Resposta % Correto
Leia as frases abaixo e marque aquela que apresenta um operador argumentativo de OPOSIÇÃO. Eu gosto de sorvete, mas estou gripado
86%
Leia as frases abaixo e marque aquela que apresenta um operador argumentativo de EXPLICAÇÃO. Eu não posso comer lasanha, pois tenho alergia a queijo.
79%
Qual é o operador argumentativo presente na frase: Preciso sair, pois tenho uma reunião agora. Explicação
69%
Qual é o operador argumentativo presente na frase:Carlos correu vinte quilômetros, mas não bateu o recorde. Oposição
55%
Leia as frases abaixo e marque aquela que apresenta um operador argumentativo de CONCLUSÃO: Dessa forma, aguardo seu contato.
52%
Entende-se por polissemia: conjunto de significados, cada um unitário, relacionados com uma mesma forma, ou seja, a polissemia consiste em uma palavra que apresenta vários significados.
48%
Qual o melhor significado para a palavra ponto na frase: A calda ainda não estava no ponto certo para o bolo. Grau de consistência
48%
Leia as frases abaixo e marque aquela que apresenta um operador argumentativo de REFORÇO. Inclusive, já fiz a lista de convidados para a nossa festa.
34%
Todas as frases apresentam uma palavra polissêmica, EXCETO: Choveu horrores essa noite!
28%
Qual é o operador argumentativo presente na frase: A pandemia é um evento histórico marcante para o mundo inteiro. Dessa forma, ela pode ser considerada uma memória coletiva. Explicação
28%
Nenhum quiz correspondente encontrado
Distribuição das Pontuações
Porcentagem de Pessoas com Cada Pontuação
Percentil de Números Respondidos
Sua Pontuação Histórica
Você não jogou esse quiz desde o último reset